WWE Royal Rumble Final 4's - Statistics

General Stats
  • This quiz has been taken 217 times
    107 since last reset
  • The average score is 141 of 196
Answer Stats
Year Position % Correct
2005 2nd John Cena
96%
2008 Winner John Cena
96%
2010 2nd John Cena
96%
2013 Winner John Cena
96%
2018 Men's 3rd John Cena
96%
2025 Men's 2nd John Cena
96%
2006 2nd Randy Orton
96%
2007 4th Randy Orton
96%
2009 Winner Randy Orton
96%
2011 3rd Randy Orton
96%
2012 3rd Randy Orton
96%
2017 Winner Randy Orton
96%
2020 Men's 4th Randy Orton
96%
2021 Men's 2nd Randy Orton
96%
2026 Men's 3rd Randy Orton
96%
2014 2nd Roman Reigns
94%
2015 Winner Roman Reigns
94%
2016 3rd Roman Reigns
94%
2017 2nd Roman Reigns
94%
2018 Men's 2nd Roman Reigns
94%
2020 Men's 2nd Roman Reigns
94%
2026 Men's Winner Roman Reigns
94%
2019 Women's 2nd Charlotte Flair
92%
2020 Women's Winner Charlotte Flair
92%
2021 Women's 3rd Charlotte Flair
92%
2022 Women's 2nd Charlotte Flair
92%
2025 Women's Winner Charlotte Flair
92%
2002 Winner Triple H
92%
2006 3rd Triple H
92%
2008 2nd Triple H
92%
2009 2nd Triple H
92%
2016 Winner Triple H
92%
2003 4th Batista
90%
2005 Winner Batista
90%
2008 3rd Batista
90%
2010 3rd Batista
90%
2014 Winner Batista
90%
1992 Winner Ric Flair
90%
1994 3rd Shawn Michaels
90%
1995 Winner Shawn Michaels
90%
1996 Winner Shawn Michaels
90%
2007 2nd Shawn Michaels
90%
2010 4th Shawn Michaels
90%
1999 3rd Big Boss Man
88%
2003 Winner Brock Lesnar
88%
2022 Men's Winner Brock Lesnar
88%
2009 3rd Cody Rhodes
88%
2023 Men's Winner Cody Rhodes
88%
2024 Men's Winner Cody Rhodes
88%
2005 3rd Edge
88%
2007 3rd Edge
88%
2010 Winner Edge
88%
2020 Men's 3rd Edge
88%
2021 Men's Winner Edge
88%
2005 4th Rey Mysterio
88%
2006 Winner Rey Mysterio
88%
2019 Men's Winner Seth Rollins
88%
2021 Men's 3rd Seth Rollins
88%
2023 Men's 4th Seth Rollins
88%
1990 Winner Hulk Hogan
86%
1991 Winner Hulk Hogan
86%
1992 3rd Hulk Hogan
86%
2025 Men's Winner Jey Uso
86%
1997 Winner 'Stone Cold’ Steve Austin
86%
1998 Winner ‘Stone Cold’ Steve Austin
86%
1999 2nd ‘Stone Cold’ Steve Austin
86%
2001 Winner ‘Stone Cold’ Steve Austin
86%
2002 4th ‘Stone Cold’ Steve Austin
86%
1997 4th The Undertaker
86%
2003 2nd The Undertaker
86%
2007 Winner The Undertaker
86%
2016 2nd Dean Ambrose
84%
2000 4th Kane
84%
2001 2nd Kane
84%
2003 3rd Kane
84%
2008 4th Kane
84%
2015 4th Kane
84%
1998 2nd The Rock
84%
2000 Winner The Rock
84%
2001 3rd The Rock
84%
1999 Winner Vince McMahon
84%
2014 4th CM Punk
82%
2024 Men's 2nd CM Punk
82%
2025 Men's 4th CM Punk
82%
2020 Men's Winner Drew McIntyre
82%
2022 Men's 2nd Drew McIntyre
82%
2024 Men's 4th Drew McIntyre
82%
2018 Women's Winner Asuka
80%
2023 Women's 3rd Asuka
80%
2000 2nd Big Show
80%
2004 2nd Big Show
80%
2012 4th Big Show
80%
2015 3rd Big Show
80%
2018 Women's 3rd Brie Bella
80%
2004 Winner Chris Benoit
80%
2004 4th Chris Jericho
80%
2012 2nd Chris Jericho
80%
2017 4th Chris Jericho
80%
2023 Women's 2nd Liv Morgan
80%
2024 Women's 2nd Liv Morgan
80%
2026 Women's Winner Liv Morgan
80%
2018 Women's 2nd Nikki Bella
80%
2025 Women's 4th Nikki Bella
80%
2021 Women's 2nd Rhea Ripley
80%
2023 Women's Winner Rhea Ripley
80%
2022 Men's 3rd Shane McMahon
80%
2012 Winner Sheamus
80%
2013 3rd Sheamus
80%
2014 3rd Sheamus
80%
2016 4th Sheamus
80%
2011 Winner Alberto Del Rio
78%
2021 Women's Winner Bianca Belair
78%
2022 Women's 3rd Bianca Belair
78%
Greatest RR Winner Braun Strowman
78%
2019 Men's 2nd Braun Strowman
78%
2021 Men's 4th Braun Strowman
78%
1994 Winner Bret Hart
78%
1997 2nd Bret Hart
78%
2023 Men's 2nd Gunther
78%
2024 Men's 3rd Gunther
78%
2026 Men's 2nd Gunther
78%
2019 Women's Winner Becky Lynch
76%
2018 Men's Winner Shinsuke Nakamura
76%
2023 Men's 3rd Logan Paul
75%
2025 Men's 3rd Logan Paul
75%
2026 Men's 4th Logan Paul
75%
1993 Winner Yokozuna
75%
2019 Women's 3rd Nia Jax
73%
2025 Women's 3rd Nia Jax
73%
2019 Women's 4th Bayley
71%
2024 Women's Winner Bayley
71%
2017 3rd Bray Wyatt
71%
2018 Women's 4th Sasha Banks
71%
2018 Men's 4th Finn Balor
67%
2022 Women's Winner Ronda Rousey
65%
1989 Winner Big John Studd
63%
1988 Winner 'Hacksaw’ Jim Duggan
63%
2002 2nd Kurt Angle
61%
2004 3rd Kurt Angle
61%
2026 Women's 3rd Sol Ruca
61%
2024 Women's 4th Tiffany Stratton
61%
2026 Women's 2nd Tiffany Stratton
61%
Greatest RR 3rd Daniel Bryan
59%
1992 4th Randy Savage
59%
1993 2nd Randy Savage
59%
2011 2nd Santino Marella
59%
2009 4th Ted DiBiase Jr.
59%
1989 2nd Ted DiBiase Sr.
59%
1996 2nd Diesel
55%
1997 3rd Diesel / Glenn Jacobs
55%
2015 2nd Rusev
55%
2013 4th Dolph Ziggler
53%
2019 Men's 3rd Dolph Ziggler
53%
2024 Women's 3rd Jade Cargill
51%
1994 2nd Lex Luger
51%
1995 4th Lex Luger
51%
2025 Women's 2nd Roxanne Perez
51%
2026 Women's 4th Raquel Rodriguez
49%
Greatest RR 4th Kevin Owens
47%
1991 4th Davey Boy Smith
45%
1990 2nd Mr. Perfect
45%
2002 3rd Mr. Perfect
45%
2020 Women's 4th Natalya
45%
2021 Women's 4th Natalya
45%
2013 2nd Ryback
43%
2011 4th Wade Barrett
43%
2000 3rd X-Pac
43%
1995 2nd The British Bulldog
41%
1996 4th The British Bulldog
41%
2020 Women's 2nd Shayna Baszler
39%
2022 Women's 4th Shayna Baszler
39%
1998 4th Dude Love
37%
2020 Women's 3rd Beth Phoenix
35%
Greatest RR 2nd Big Cass
35%
2022 Men's 4th Matt Riddle
35%
2006 4th Rob Van Dam
35%
1991 2nd Earthquake
31%
2023 Women's 4th Nikki Cross
31%
2019 Men's 4th Andrade
29%
2001 4th ‘The One’ Billy Gunn
29%
1998 3rd Faarooq
27%
1988 2nd One Man Gang
27%
1993 3rd Bob Backlund
25%
1994 4th Fatu
25%
1990 3rd Rick Rude
25%
1988 3rd Dino Bravo
24%
1988 4th Don Muraco
24%
1989 4th Rick Martel
24%
1993 4th Rick Martel
24%
1992 2nd Sid Justice
24%
1989 3rd Akeem
22%
1990 4th Hercules
22%
1991 3rd Brian Knobbs
20%
1995 3rd Crush
20%
1999 4th D’Lo Brown
20%
1996 3rd Kama
12%
No matching quizzes found
Score Distribution
Percent of People with Each Score
Percentile by Number Answered
Your Score History
You have not taken this quiz since the last reset